00680nam a22001937a 450000500170000001000140001702000260003103500130005703700130007008200080008310000270009124500790011826000310019727000640022830000220029294200220031499900170033695201330035320100809154515.0 aENG-99062 a9788188699162c250.00 aEN-82594 bDBAD/PUB a881 aJahan, Mashrique99547 aSpiritual consciousness in the poetry of S.L. Peeran /cby Mashrique Jahan aBangalorebBizz Buzzc2009 a#2, 1st Cross, Kalidasa Layout, SrinagarbBangaloree560050 a355p.c21cm (pbk) 2ddccENh881mJAH c40423d40423 001040718NFICaDBADbDBADd2010-08-09eDBAD/PUBg250.00l0o881 JAHpEN-82594r2010-08-09 00:00:00t1v250.00w2010-08-09yEN